[Event "ZMDI Open 2018"]
[Site "Dresden"]
[Date "2018.08.12"]
[Round "9.4"]
[White "Burmakin, Vladimir"]
[Black "Gajek, Radoslaw"]
[Result "1/2-1/2"]
[WhiteElo "2494"]
[BlackElo "2444"]
[Annotator "TA"]
[PlyCount "119"]
[EventDate "2018.08.04"]
[EventType "swiss"]
[EventCountry "GER"]
[SourceTitle "playchess.com"]
[Source "ChessBase"]
[SourceQuality "1"]

{[%evp 14,119,0,0,-2,-4,-9,-12,6,6,6,6,6,10,14,10,12,6,10,6,14,0,16,3,34,0,16,0,0,0,4,0,0,0,10,0,0,0,4,0,5,6,16,8,12,11,14,6,7,-26,0,0,0,0,0,0,0,0,0,0,0,0,0,0,0,0,29,1,2,8,18,0,1,1,3,0,0,0,0,0,0,0,0,0,0,0,0,0,0,0,0,0,0,0,0,0,0,0,0,0,0,0,0,0,0,0,29991,-29986]} 1. d4 Nf6 2. g3 d5 3. Nf3 c6 4. c4 Bf5 5. Nc3 e6 6. Qb3 {D11: Damengambit (Slawische Verteidigung)} Qb6 (6... Qc8 7. Bg2 h6 8. O-O Be7 9. Nd2 O-O 10. e4 dxe4 11. Ndxe4 Rd8 12. Be3 Ng4 {0-1 (27) Jakovenko,D (2710)-Mamedyarov,S (2791) Sochi 2017}) 7. c5 Qxb3 8. axb3 {LiveBook: 7 Partien. Die Stellung ist ausgeglichen.} Na6 {[%cal Bb8a6,Ba6b4,Bb4d3][%mdl 32]} 9. e3 $146 ({Vorgänger:} 9. Bf4 Ne4 10. Ra4 Nexc5 11. dxc5 Nxc5 12. Ra3 f6 {1-0 (47) Idani,P (2572)-Sibashvili,G (2412) Teheran 2017}) 9... Nb4 10. Ra4 $1 {[%cal Ra4b4]} Nd3+ 11. Bxd3 $1 Bxd3 12. Ne5 Bg6 13. b4 Ne4 14. f3 Nxc3 15. bxc3 f6 16. Nxg6 hxg6 17. e4 a6 18. O-O Kf7 19. Re1 Be7 20. Ra2 g5 21. Kg2 Rae8 22. Be3 Bd8 23. Rae2 Bc7 24. Bf2 Bb8 25. Bg1 Bc7 26. Bf2 Bb8 27. h3 Bc7 28. g4 Bf4 29. Bg3 dxe4 30. fxe4 Rd8 31. e5 fxe5 32. Bxf4 exf4 33. Rxe6 $11 {[%mdl 4096] Endspiel KTT-KTT} Rhe8 34. R6e5 Rxe5 35. Rxe5 {KT-KT} Rd5 36. Re4 Rd7 37. h4 gxh4 {Schwarz will ...g5 spielen.} 38. Rxf4+ Ke6 39. g5 Rd5 40. Rg4 Rf5 41. c4 g6 $1 42. Re4+ Kd7 43. Rxh4 Rxg5+ 44. Kf3 Rg1 $1 45. d5 Rb1 46. Rh7+ Kc8 47. Ke4 {Schwarz muss nun Ke5 beachten.} Rxb4 48. Ke5 {[#] Und weiter mit Ke6 wäre nett.} Rxc4 49. Kd6 {[%cal Rh7h8]} Kb8 {Droht stark ...Td4.} 50. Rh8+ Ka7 51. dxc6 bxc6 52. Rh7+ Kb8 53. Kxc6 a5 54. Rb7+ Kc8 {( -> ...Txc5+!)} 55. Ra7 {[%cal Ra7a8]} Kb8 56. Rxa5 Rf4 57. Ra1 Rf6+ 58. Kd7 {Und Tb1+ würde nun gewinnen.} Rf7+ 59. Ke6 Rf1 $2 {[%mdl 8192] [#]} (59... Rg7 $11) 60. Kd7 $4 {[%mdl 40960] Precision: Weiß = 61%, Schwarz = 81%. . An unexpected result.} (60. Rxf1 {war der einzige Gewinnzug.} Kc7 61. Kd5 g5 62. Rf7+ Kc8 63. c6 Kb8 64. Kd6 g4 65. Rb7+ Ka8 66. Kc7 g3 67. Rb5 g2 68. Ra5#) 1/2-1/2

[Event "ZMDI Open 2018"]
[Site "Dresden"]
[Date "2018.08.12"]
[Round "9.5"]
[White "Li, Chao b"]
[Black "Wang, Yu A."]
[Result "1-0"]
[WhiteElo "2714"]
[BlackElo "2295"]
[Annotator "TA"]
[PlyCount "37"]
[EventDate "2018.08.04"]
[EventType "swiss"]
[EventCountry "GER"]
[SourceTitle "playchess.com"]
[Source "ChessBase"]
[SourceQuality "1"]

{[%evp 20,37,49,27,208,200,283,289,297,298,297,288,294,296,304,287,298,298,297,291]} 1. e4 e5 2. Nf3 Nc6 3. d4 exd4 4. Bc4 Nf6 5. O-O Nxe4 6. Re1 d5 7. Bxd5 Qxd5 8. Nc3 Qh5 9. Nxe4 Be6 10. Bg5 {[%cal Bc1g5,Bg5f6,Bf6g7][%mdl 32]} h6 11. Bf6 $1 {LiveBook: 19 Games} Qf5 $2 {C56: Two Knights: 4 d4 exd4 5 0-0 Nxe4} (11... Qg6 $11 {and Black stays safe.}) (11... Qg6 12. Nh4 Qh7 13. c3 Be7 14. Bxe7 Nxe7 15. Qa4+ Nc6 16. Nc5 O-O 17. Nxe6 fxe6 18. Qb3 g5 19. Rxe6 gxh4 20. Rxc6+ {½-½ (100) Li,R (2535)-Durarbayli,V (2611) Indianapolis 2016}) 12. Nxd4 $18 Nxd4 (12... Qg6 {might work better.}) 13. Qxd4 {White has a decisive advantage.} (13. Bxd4 O-O-O $15) 13... Qd5 {[#] intending ...Qxd4.} 14. Qe3 $146 ({Weaker is} 14. Bxg7 Bxg7 15. Qxg7 O-O-O $16) ({Predecessor:} 14. Bxg7 Qxd4 15. Bxd4 Rg8 16. Nf6+ {1-0 (16) Brejnik,G (1250)-Liska,J (1950) Kouty nad Desnou 2010}) 14... Qf5 {[#]} 15. Qd3 $1 {Nd6+! is the strong threat.} ({Resist} 15. Qd4 $6 Qd5 $18) 15... Be7 16. Bxg7 Rd8 17. Nd6+ ({Not} 17. Bxh8 Rxd3 18. cxd3 Kd8 $16) 17... Rxd6 18. Qxf5 Bxf5 19. Bxh8 1-0

[Event "ZMDI Open 2018"]
[Site "Dresden"]
[Date "2018.08.12"]
[Round "9.6"]
[White "Jakob, Pfreundt"]
[Black "Dann, Matthias"]
[Result "0-1"]
[WhiteElo "2399"]
[BlackElo "2534"]
[Annotator "ChessBase"]
[PlyCount "82"]
[EventDate "2018.08.04"]
[EventType "swiss"]
[EventCountry "GER"]
[SourceTitle "playchess.com"]
[Source "ChessBase"]
[SourceQuality "1"]
[TimeControl "40/5400+30:1800+30"]

1. d4 Nf6 {[%emt 1:30:04]} 2. Nf3 {[%emt 1:29:56]} g6 {[%emt 1:30:28]} 3. g3 {[%emt 1:30:02]} Bg7 {[%emt 1:30:22]} 4. Bg2 {[%emt 1:29:38]} O-O {[%emt 1:29:53]} 5. O-O {[%emt 1:29:45]} d6 {[%emt 1:28:32]} 6. Nc3 {[%emt 1:29:15]} d5 {[%emt 1:25:13]} 7. Re1 {[%emt 1:29:27]} c6 {[%emt 1:24:29]} 8. e4 {[%emt 1:25:16]} dxe4 {[%emt 1:24:45]} 9. Nxe4 {[%emt 1:25:30]} Nbd7 {[%emt 1:09:31]} 10. Nxf6+ {[%emt 1:19:40]} Nxf6 {[%emt 1:08:55]} 11. c3 {[%emt 1:19:17]} a5 {[%emt 1:02:11]} 12. a4 {[%emt 1:12:46]} Nd5 {[%emt 1:00:20]} 13. Qe2 {[%emt 1:05:54]} Bg4 {[%emt 0:57:42]} 14. h3 {[%emt 1:04:25]} Bxf3 {[%emt 0:58:09]} 15. Bxf3 {[%emt 1:04:34]} e6 {[%emt 0:58:36]} 16. Ra3 {[%emt 0:59:51]} Qd7 {[%emt 0:56:45]} 17. h4 {[%emt 0:47:26]} h5 {[%emt 0:57:06]} 18. Bg5 {[%emt 0:47:16]} Rfe8 {[%emt 0:56:21]} 19. Qd3 {[%emt 0:46:23]} Bf8 {[%emt 0:49:49]} 20. Raa1 {[%emt 0:45:19]} b5 {[%emt 0:44:51]} 21. Ra2 {[%emt 0:41:54]} Bg7 {[%emt 0:40:08]} 22. Rea1 {[%emt 0:28:49]} b4 {[%emt 0:39:18]} 23. Rd1 {[%emt 0:28:41]} bxc3 {[%emt 0:37:59]} 24. bxc3 {[%emt 0:29:00]} Rab8 {[%emt 0:37:38]} 25. Bd2 {[%emt 0:26:23]} Rb3 {[%emt 0:36:39]} 26. Qc4 {[%emt 0:24:58]} Qb7 {[%emt 0:34:09]} 27. Be4 {[%emt 0:19:48]} Rc8 {[%emt 0:34:02]} 28. Bc2 {[%emt 0:17:16]} Rb6 {[%emt 0:30:27]} 29. Raa1 {[%emt 0:14:23]} c5 {[%emt 0:29:36]} 30. dxc5 {[%emt 0:13:45]} Rbc6 {[%emt 0:27:17]} 31. Rab1 {[%emt 0:04:18]} Qa7 {[%emt 0:27:43]} 32. Rb5 {[%emt 0:02:06]} Rxc5 {[%emt 0:28:08]} 33. Rxc5 {[%emt 0:02:16]} Rxc5 {[%emt 0:27:51]} 34. Qe2 {[%emt 0:01:51]} Bxc3 {[%emt 0:27:13]} 35. Be3 {[%emt 0:01:59]} Nxe3 {[%emt 0:26:43]} 36. Rd8+ {[%emt 0:00:14]} Kg7 {[%emt 0:26:44]} 37. Qxe3 {[%emt 0:00:41]} Qe7 {[%emt 0:20:43]} 38. Qd3 {[%emt 0:00:26]} Rc7 {[%emt 0:21:08]} 39. Bd1 {[%emt 0:00:08]} e5 {[%emt 0:03:30]} 40. Bf3 {[%emt 0:00:06]} Bd4 {[%emt 0:02:52]} 41. Rb8 {[%emt 0:26:54]} Qc5 {[%emt 0:27:52]} 0-1